Cambridge grammar for IELTS with answers : (Record no. 63897)

MARC details
000 -LEADER
fixed length control field 01063nam a22002177a 4500
005 - DATE AND TIME OF LATEST TRANSACTION
control field 20120309123426.0
010 ## - LCCN (DPL NO)
LC control number B-456386
020 ## - INTERNATIONAL STANDARD BOOK NUMBER
International Standard Book Number 9780521706117
Terms of availability 395.00
020 ## - INTERNATIONAL STANDARD BOOK NUMBER
International Standard Book Number 0521706114
Terms of availability 395.00
035 ## - SYSTEM CONTROL NUMBER
System control number B-456386
082 ## - DEWEY DECIMAL CLASSIFICATION NUMBER
Classification number 488.24076
100 ## - MAIN ENTRY--PERSONAL NAME
Personal name Hopkins,Diana
245 ## - TITLE STATEMENT
Title Cambridge grammar for IELTS with answers :
Remainder of title self-study vocabulary grammar reference and practice /
Statement of responsibility, etc by Diana Hopkins and Pauline Cullen
260 ## - PUBLICATION, DISTRIBUTION, ETC. (IMPRINT)
Place of publication, distribution, etc New Delhi
Name of publisher, distributor, etc Cambridge University Press
Date of publication, distribution, etc 2007
270 ## - ADDRESS
Address Cambridge House,4381/4,Ansari Road,Daryaganj,
City New Delhi
Postal code 110002
300 ## - PHYSICAL DESCRIPTION
Extent xii,258p
Other physical details ill,
Dimensions 24cm(pbk)
Accompanying material +CD-Rom
700 ## - ADDED ENTRY--PERSONAL NAME
Personal name Cullen,Pauline
9 (RLIN) 43650
942 ## - ADDED ENTRY ELEMENTS (KOHA)
Source of classification or shelving scheme Dewey Decimal Classification
Item type English Books
Call number suffix HOP
Classification part 488.24076
Holdings
Withdrawn status Lost status Not for loan Collection code Home library Current library Date acquired Source of acquisition Cost, normal purchase price Full call number Barcode Copy number Cost, replacement price Koha item type
    Not For Loan Non-fiction Central Library Central Library 28/03/2012 Allied Pub/1498/12.12.2011/Spl.P.Order/12.12.2011/03.02.2012 395.00 488.24076 HOP B-456386 1 395.00 English Books

© Delhi Public Library
Hit Counter
free hit counter